| 000 | 00752cab a2200229 4500 | ||
|---|---|---|---|
| 001 | WB3224-17 | ||
| 008 | 090401t1996 xxu||||| |||| 00| 0 eng d | ||
| 035 | _a(Sirsi) u34142 | ||
| 041 | _aeng | ||
| 245 | _aGREEN business is good business | ||
| 260 | _c1996 | ||
| 350 | _a0 | ||
| 490 |
_aDoE News Release _v(246) 13 June 1996, (4) |
||
| 520 | _aGovernment white paper "Creating the enterprise centre of Europe" outlines environmental factors affecting business competitiveness stressing the importance of good environmental management. | ||
| 650 | _aEMAS | ||
| 650 | _aENVIRONMENTAL AUDITS | ||
| 650 | _aENVIRONMENTAL ISSUES | ||
| 650 | _aWHITE PAPER | ||
| 690 | _aENVIRONMENTAL AND LAND CONSULTANCY | ||
| 942 | _n0 | ||
| 948 | _c04/03/1997 | ||
| 999 |
_c22652 _d22652 |
||